01517nam a22002537a 450000500170000000800410001704000250005804100080008304400070009108200200009824503200011826000530043830000370049150000430052852003350057165000680090665000650097465000390103965000340107870000260111270000400113870000420117870000430122020180803165505.0131028b2008 ck il | |||| 00| 0 spa d aCO-BoIAVHcCO-BoIAVH aspa ack a333.9516bA28p2 aProyecto conservación y uso sostenible de la biodiversidad en los andes colombianosbResumen de ResultadoscInes Cavelier ...[et al]. compilación y edición de textos Carmen Lucia Jaramillo Hoyos, Claudia María Villa García, Liliana Rodríguez Salamanca ; fotografías Francisco Antonio Nieto Montaño. aBogotábInstituto Alexander von Humboldtc2008 a95 p.bil., (col), mapasc24 cm. aProyecto Andes - Resumen de resultados aSe resume un proyecto que busca promover la conservación y el uso sostenible de la biodiversidad en los Andes colombianos, a través del fortalecimiento de las iniciativas privadas en el manejo de las reservas naturales de la sociedad civil de creación de nuevas reservas en cuatro regionaes donde operan los nodos de la RED.16aConservación de la diversidad biológicavInformeszColombia aConservación de los recursos naturalesvInformeszColombia aUso sostenible de la biodiversidad aEstrategias de conservación12aCavelier-Franco, Ines12aVilla García, Claudia Maríaded12aGaitán Uribe, María Margaritaded12aNieto Montaño, Francisco Antonidfot